[Event "HUN-chT2 Toth 1213"]
[Site "Hungary"]
[Date "2012.11.18"]
[Round "4.3"]
[White "Jurcsak, Andras"]
[Black "Zakarias, David"]
[Result "1-0"]
[WhiteElo "2221"]
[BlackElo "2213"]
[PlyCount "47"]
[EventDate "2012.09.16"]
[EventType "team-tourn"]
[EventRounds "11"]
[EventCountry "HUN"]
[SourceTitle "EXT 2014"]
[Source "ChessBase"]
[SourceDate "2013.11.20"]
[SourceVersion "1"]
[SourceVersionDate "2013.11.20"]
[SourceQuality "1"]
[WhiteTeam "Toth Laszlo II"]
[BlackTeam "Mako II"]
[WhiteTeamCountry "HUN"]
[BlackTeamCountry "HUN"]

1. d4 d5 2. Nc3 Bf5 3. f3 Bg6 4. e4 dxe4 5. fxe4 e5 6. d5 Nf6 7. Bd3 Bb4 8. Bg5 Qd6 9. Bxf6 Qxf6 10. Nf3 Nd7 11. 0-0 0-0 12. Kh1 Bxc3 13. bxc3 Bh5 14. Qb1 Qb6 15. Nd2 Qh6 16. Nc4 b6 17. Qe1 Bg6 18. Qg3 Rfe8 19. Rae1 Rad8 20. Rf2 Qh5 21. Ne3 f6 22. Ng4 Nc5 23. Rf5 Nxd3 24. cxd3 1-0

[Event "HUN-chT2 Toth 1213"]
[Site "Hungary"]
[Date "2012.11.04"]
[Round "3.2"]
[White "Jurcsak, Andras"]
[Black "Sandor, Peter"]
[Result "1-0"]
[WhiteElo "2221"]
[BlackElo "2039"]
[PlyCount "83"]
[EventDate "2012.09.16"]
[EventType "team-tourn"]
[EventRounds "11"]
[EventCountry "HUN"]
[SourceTitle "EXT 2014"]
[Source "ChessBase"]
[SourceDate "2013.11.20"]
[SourceVersion "1"]
[SourceVersionDate "2013.11.20"]
[SourceQuality "1"]
[WhiteTeam "Toth Laszlo II"]
[BlackTeam "Bekes"]
[WhiteTeamCountry "HUN"]
[BlackTeamCountry "HUN"]

1. d4 d5 2. Nc3 Nf6 3. Bg5 e6 4. e4 dxe4 5. Nxe4 Be7 6. Bxf6 Bxf6 7. Nf3 Nd7 8. Bd3 0-0 9. h4 c5 10. Nfg5 h6 11. Nh7 cxd4 12. Nexf6+ Nxf6 13. Nxf8 Qa5+ 14. Qd2 Qxd2+ 15. Kxd2 Kxf8 16. f3 Bd7 17. g4 Ke7 18. g5 Nh5 19. Rhg1 Bc6 20. Be4 hxg5 21. hxg5 Nf4 22. Rae1 Kd6 23. Rh1 f5 24. Bxc6 bxc6 25. Rh7 g6 26. Reh1 a5 27. Rh8 Ra6 28. Rd8+ Kc5 29. Re1 Nh3 30. Rxe6 Nxg5 31. Rxg6 Nxf3+ 32. Ke2 Ne5 33. Rg5 Kc4 34. Rxf5 Ng6 35. b3+ Kc3 36. Rc5+ Kb2 37. Rxd4 Kxa2 38. Kd2 Kb2 39. Ra4 Ne7 40. Rcxa5 Rxa5 41. Rxa5 Nd5 42. Rxd5 1-0

[Event "HUN-chT2 Toth 1112"]
[Site "Hungary"]
[Date "2012.02.19"]
[Round "6.2"]
[White "Borsos, Andor"]
[Black "Jurcsak, Andras"]
[Result "1/2-1/2"]
[WhiteElo "2148"]
[BlackElo "2232"]
[PlyCount "59"]
[EventDate "2011.09.25"]
[EventType "team-tourn"]
[EventRounds "11"]
[EventCountry "HUN"]
[SourceTitle "EXT 2013"]
[Source "ChessBase"]
[SourceDate "2012.11.22"]
[SourceVersion "1"]
[SourceVersionDate "2012.11.22"]
[SourceQuality "1"]
[WhiteTeam "Roszke II"]
[BlackTeam "Toth Laszlo"]
[WhiteTeamCountry "HUN"]
[BlackTeamCountry "HUN"]

1. e4 c5 2. Nf3 d6 3. d4 cxd4 4. Nxd4 Nf6 5. Nc3 a6 6. f3 e6 7. Be3 b5 8. Qd2 Nbd7 9. Qf2 Bb7 10. g4 h6 11. 0-0-0 Rc8 12. Rg1 b4 13. Na4 Qa5 14. b3 Nc5 15. g5 hxg5 16. Rxg5 Nh7 17. Rh5 g6 18. Rh3 Nxa4 19. bxa4 Qxa4 20. Kb1 Bg7 21. Nb3 Rd8 22. Bd4 e5 23. Bb6 Rd7 24. Bc4 Nf6 25. Rxh8+ Bxh8 26. Na5 Bxe4 27. Bb3 Qb5 28. Bc4 Qa4 29. Bb3 Qb5 30. Bc4 1/2-1/2

[Event "HUN-chT2 Toth 1112"]
[Site "Hungary"]
[Date "2011.11.13"]
[Round "3.2"]
[White "Balvanyos, Istvan"]
[Black "Jurcsak, Andras"]
[Result "1/2-1/2"]
[WhiteElo "2143"]
[BlackElo "2232"]
[PlyCount "53"]
[EventDate "2011.09.25"]
[EventType "team-tourn"]
[EventRounds "11"]
[EventCountry "HUN"]
[SourceTitle "EXT 2013"]
[Source "ChessBase"]
[SourceDate "2012.11.22"]
[SourceVersion "1"]
[SourceVersionDate "2012.11.22"]
[SourceQuality "1"]
[WhiteTeam "Abony"]
[BlackTeam "Toth Laszlo"]
[WhiteTeamCountry "HUN"]
[BlackTeamCountry "HUN"]

1. e4 c5 2. b4 cxb4 3. a3 d5 4. exd5 Qxd5 5. Bb2 e5 6. Nf3 Bg4 7. Be2 Nc6 8. c4 bxc3 9. Nxc3 Qd7 10. 0-0 Nf6 11. h3 Bf5 12. Bb5 Bd6 13. Re1 0-0 14. Nxe5 Qc7 15. Nf3 Rad8 16. Rc1 Qb6 17. Bxc6 Qxb2 18. Na4 Qxa3 19. Bxb7 Qb4 20. Ba6 Be6 21. Nc3 Qf4 22. Qa4 Qxa4 23. Nxa4 Bf4 24. Bc4 Bxc4 25. Rxc4 Bxd2 26. Nxd2 Rxd2 27. Re7 1/2-1/2

[Event "HUN-chT2 Toth 1112"]
[Site "Hungary"]
[Date "2011.10.30"]
[Round "2.2"]
[White "Jurcsak, Andras"]
[Black "Kovacs, Arthur"]
[Result "1-0"]
[WhiteElo "2232"]
[BlackElo "2101"]
[PlyCount "41"]
[EventDate "2011.09.25"]
[EventType "team-tourn"]
[EventRounds "11"]
[EventCountry "HUN"]
[SourceTitle "EXT 2013"]
[Source "ChessBase"]
[SourceDate "2012.11.22"]
[SourceVersion "1"]
[SourceVersionDate "2012.11.22"]
[SourceQuality "1"]
[WhiteTeam "Toth Laszlo"]
[BlackTeam "Mako"]
[WhiteTeamCountry "HUN"]
[BlackTeamCountry "HUN"]

1. e4 c6 2. d4 d5 3. e5 Bf5 4. Be3 e6 5. Nd2 Nd7 6. Ngf3 Qc7 7. Be2 c5 8. c4 Ne7 9. Rc1 dxc4 10. Nxc4 Nd5 11. 0-0 Bg4 12. dxc5 Nxe3 13. fxe3 Bxf3 14. Bxf3 Bxc5 15. b4 Bxb4 16. Nd6+ Bxd6 17. Rxc7 Bxc7 18. Bxb7 Rd8 19. Bc6 Ke7 20. Bxd7 Rxd7 21. Rxf7+ 1-0

[Event "Senta January op"]
[Site "Senta"]
[Date "2010.01.23"]
[Round "2"]
[White "Jurcsak, Andras"]
[Black "Djurovic, Radoje"]
[Result "0-1"]
[WhiteElo "2180"]
[BlackElo "1956"]
[PlyCount "144"]
[EventDate "2010.01.22"]
[EventType "swiss"]
[EventRounds "9"]
[EventCountry "YUG"]
[SourceTitle "EXT 2011"]
[Source "ChessBase"]
[SourceDate "2010.11.26"]
[SourceVersion "1"]
[SourceVersionDate "2010.11.26"]
[SourceQuality "1"]

1. e4 e5 2. Nf3 Nc6 3. Bb5 a6 4. Ba4 Nf6 5. 0-0 b5 6. Bb3 Be7 7. Re1 d6 8. c3 0-0 9. h3 Be6 10. d4 Bxb3 11. Qxb3 h6 12. Nbd2 exd4 13. cxd4 Na5 14. Qc2 c5 15. Nf1 Rc8 16. d5 Re8 17. Ng3 Nb7 18. Nf5 Bf8 19. b3 Nd7 20. Bd2 Ne5 21. Kh2 Kh7 22. a4 b4 23. Nxe5 dxe5 24. Qd3 Nd6 25. Nxd6 Qxd6 26. f4 f6 27. Rac1 Rc7 28. Rc4 Qb6 29. Qg3 g5 30. fxg5 fxg5 31. Qf2 Qg6 32. Bxb4 Rf7 33. Qe2 cxb4 34. Rc6 Rf6 35. Qxa6 Rxc6 36. dxc6 Qd6 37. Rc1 Re7 38. Qc4 Rc7 39. a5 Qd4 40. a6 Qxc4 41. Rxc4 Bd6 42. Rc2 Kg6 43. Rd2 Bc5 44. Rc2 Bd6 45. Rd2 Bc5 46. Rc2 Bd6 47. Rd2 Bc5 48. Rc2 Bd4 49. Rc4 Kf6 50. Rxb4 Rxc6 51. Ra4 Ba7 52. Ra1 Rb6 53. Rf1+ Ke6 54. Rf8 Rxa6 55. Rh8 Kd7 56. Kg3 Bd4 57. Rh7+ Ke8 58. Kg4 Kf8 59. Kh5 Be3 60. Rxh6 Rxh6+ 61. Kxh6 Kf7 62. g4 Ke6 63. Kh5 Kf6 64. h4 gxh4 65. Kxh4 Kg6 66. Kg3 Bd2 67. Kh4 Be1+ 68. Kh3 Kg5 69. Kg2 Kxg4 70. Kf1 Bb4 71. Ke2 Kf4 72. Kd3 Ba5 0-1

[Event "Senta January op"]
[Site "Senta"]
[Date "2010.01.22"]
[Round "1"]
[White "Kecskemeti, Arpad"]
[Black "Jurcsak, Andras"]
[Result "0-1"]
[WhiteElo "1820"]
[BlackElo "2180"]
[PlyCount "72"]
[EventDate "2010.01.22"]
[EventType "swiss"]
[EventRounds "9"]
[EventCountry "YUG"]
[SourceTitle "EXT 2011"]
[Source "ChessBase"]
[SourceDate "2010.11.26"]
[SourceVersion "1"]
[SourceVersionDate "2010.11.26"]
[SourceQuality "1"]

1. e4 c5 2. Nf3 d6 3. d4 cxd4 4. Nxd4 Nf6 5. Nc3 a6 6. f3 e6 7. Nb3 b5 8. Be3 Nbd7 9. Qd2 Bb7 10. 0-0-0 Rc8 11. Kb1 Be7 12. g4 b4 13. Ne2 Nxe4 14. Qxb4 Qc7 15. c3 d5 16. Qd4 Bf6 17. Qb4 Nd6 18. Qa5 Nc4 19. Qxc7 Rxc7 20. Bf2 h5 21. Bg2 a5 22. Nf4 a4 23. Nc1 hxg4 24. fxg4 a3 25. bxa3 Bxc3 26. Kc2 Nxa3+ 27. Kb3 Nb5 28. a4 Nd6 29. Bg3 Be5 30. Ncd3 Rc3+ 31. Kb4 Rc4+ 32. Kb3 Bc6 33. Nxe5 Bxa4+ 34. Kb2 Nxe5 35. Ra1 0-0 36. Nxe6 Rb8+ 0-1

[Event "HUN-chT2 Maroczy 0910"]
[Site "Hungary"]
[Date "2009.12.06"]
[Round "3"]
[White "Jurcsak, Andras"]
[Black "Magyar, Otto"]
[Result "1/2-1/2"]
[WhiteElo "2188"]
[BlackElo "2243"]
[PlyCount "61"]
[EventDate "2009.11.08"]
[EventType "team-tourn"]
[EventRounds "11"]
[EventCountry "HUN"]
[SourceTitle "EXT 2011"]
[Source "ChessBase"]
[SourceDate "2010.11.26"]
[SourceVersion "1"]
[SourceVersionDate "2010.11.26"]
[SourceQuality "1"]
[WhiteTeam "Gyula"]
[BlackTeam "Penzugyor II"]
[WhiteTeamCountry "HUN"]
[BlackTeamCountry "HUN"]

1. d4 Nf6 2. Nf3 e6 3. g3 d5 4. Bg2 Be7 5. c4 0-0 6. 0-0 dxc4 7. Ne5 Nc6 8. Bxc6 bxc6 9. Nxc6 Qe8 10. Nxe7+ Qxe7 11. Qa4 c5 12. b3 Rd8 13. Qc6 Bb7 14. Qxc5 Qd7 15. Qxc4 Rac8 16. Qd3 e5 17. f3 Qh3 18. e4 Rxd4 19. Qe2 Qe6 20. Na3 Ba6 21. Nc4 Bxc4 22. bxc4 Rdxc4 23. Be3 Rc2 24. Qb5 a6 25. Qb6 R2c6 26. Qb3 Qe8 27. Rac1 h6 28. Rxc6 Rxc6 29. Rc1 Rxc1+ 30. Bxc1 Qb5 31. Qxb5 1/2-1/2

[Event "HUN-chT2 Maroczy 0809"]
[Site "Hungary"]
[Date "2009.04.19"]
[Round "11"]
[White "Jurcsak, Andras"]
[Black "Bartos, Tamas"]
[Result "1/2-1/2"]
[WhiteElo "2181"]
[BlackElo "2129"]
[PlyCount "95"]
[EventDate "2008.10.26"]
[EventType "tourn"]
[EventRounds "11"]
[EventCountry "HUN"]
[SourceTitle "EXT 2010"]
[Source "ChessBase"]
[SourceDate "2010.11.25"]
[SourceVersion "1"]
[SourceVersionDate "2010.11.25"]
[SourceQuality "1"]
[WhiteTeam "Gyula"]
[BlackTeam "Maroczy"]
[WhiteTeamCountry "HUN"]
[BlackTeamCountry "HUN"]

1. e4 e6 2. d4 d5 3. e5 c5 4. c3 Nc6 5. Nf3 Qb6 6. a3 Nh6 7. b4 cxd4 8. cxd4 Nf5 9. Bb2 Be7 10. Bd3 a5 11. Qa4 Bd7 12. b5 Na7 13. Nc3 Nh4 14. Nxh4 Bxh4 15. 0-0 Be7 16. Rfd1 Rc8 17. Rac1 Bg5 18. Rb1 f6 19. Qc2 Nxb5 20. Bxh7 f5 21. Bg6+ Kd8 22. Qd3 Nxc3 23. Bxc3 Qc7 24. Bd2 Bxd2 25. Qxd2 Bc6 26. g4 fxg4 27. Rdc1 Rh6 28. Bd3 Qe7 29. Qxa5+ Ke8 30. Qd2 Ra8 31. Bb5 Qh4 32. Qf4 g3 33. Bxc6+ bxc6 34. Qxg3 Qe4 35. Qe3 Rg6+ 36. Kf1 Qxe3 37. fxe3 Rxa3 38. Rxc6 Ra7 39. Rbb6 Ke7 40. Kf2 Kf7 41. e4 dxe4 42. d5 e3+ 43. Kxe3 Ra3+ 44. Kd4 Rg4+ 45. Kc5 Ra5+ 46. Rb5 Rxb5+ 47. Kxb5 exd5 48. Rd6 1/2-1/2

[Event "HUN-chT2 Maroczy 0809"]
[Site "Hungary"]
[Date "2009.03.08"]
[Round "9"]
[White "Jurcsak, Andras"]
[Black "Orgovan, Sandor"]
[Result "1/2-1/2"]
[WhiteElo "2181"]
[BlackElo "2253"]
[PlyCount "24"]
[EventDate "2008.10.26"]
[EventType "tourn"]
[EventRounds "11"]
[EventCountry "HUN"]
[SourceTitle "EXT 2010"]
[Source "ChessBase"]
[SourceDate "2010.11.25"]
[SourceVersion "1"]
[SourceVersionDate "2010.11.25"]
[SourceQuality "1"]
[WhiteTeam "Gyula"]
[BlackTeam "MLTC II"]
[WhiteTeamCountry "HUN"]
[BlackTeamCountry "HUN"]

1. e4 c5 2. Nf3 d6 3. d4 cxd4 4. Nxd4 Nf6 5. Nc3 a6 6. Be3 e6 7. f3 Nbd7 8. Qd2 b5 9. g4 h6 10. 0-0-0 Bb7 11. Bd3 b4 12. Nce2 d5 1/2-1/2

[Event "HUN-chT2 Maroczy 0809"]
[Site "Hungary"]
[Date "2009.02.08"]
[Round "7"]
[White "Horvath, Karoly"]
[Black "Jurcsak, Andras"]
[Result "1/2-1/2"]
[WhiteElo "2237"]
[BlackElo "2181"]
[PlyCount "36"]
[EventDate "2008.10.26"]
[EventType "tourn"]
[EventRounds "11"]
[EventCountry "HUN"]
[SourceTitle "EXT 2010"]
[Source "ChessBase"]
[SourceDate "2010.11.25"]
[SourceVersion "1"]
[SourceVersionDate "2010.11.25"]
[SourceQuality "1"]
[WhiteTeam "Hajduboszormeny"]
[BlackTeam "Gyula"]
[WhiteTeamCountry "HUN"]
[BlackTeamCountry "HUN"]

1. d4 Nf6 2. Nc3 d5 3. Bg5 Bf5 4. f3 c5 5. Bxf6 exf6 6. e4 dxe4 7. fxe4 cxd4 8. exf5 dxc3 9. Qxd8+ Kxd8 10. 0-0-0+ Kc7 11. bxc3 Ba3+ 12. Kb1 Nc6 13. Nf3 Ne5 14. Nxe5 fxe5 15. Bc4 f6 16. Bd5 Rad8 17. c4 Rd6 18. Rd3 Rb6+ 1/2-1/2

[Event "HUN-chT2 Maroczy 0809"]
[Site "Hungary"]
[Date "2009.01.25"]
[Round "6"]
[White "Papp, Abel"]
[Black "Jurcsak, Andras"]
[Result "1/2-1/2"]
[WhiteElo "2214"]
[BlackElo "2181"]
[PlyCount "34"]
[EventDate "2008.10.26"]
[EventType "tourn"]
[EventRounds "11"]
[EventCountry "HUN"]
[SourceTitle "EXT 2010"]
[Source "ChessBase"]
[SourceDate "2010.11.25"]
[SourceVersion "1"]
[SourceVersionDate "2010.11.25"]
[SourceQuality "1"]
[WhiteTeam "Miskolc EMSE"]
[BlackTeam "Gyula"]
[WhiteTeamCountry "HUN"]
[BlackTeamCountry "HUN"]

1. e4 e5 2. Nf3 Nc6 3. Bc4 Nf6 4. d3 h6 5. c3 Be7 6. Bb3 0-0 7. Nbd2 d5 8. Qe2 Re8 9. 0-0 Be6 10. Rd1 Bc5 11. h3 Qe7 12. Nf1 Rad8 13. Ng3 Bb6 14. Ba4 dxe4 15. dxe4 Rxd1+ 16. Bxd1 Nh7 17. Bd2 Nf8 1/2-1/2

[Event "HUN-chT2 Maroczy 0809"]
[Site "Hungary"]
[Date "2008.10.26"]
[Round "1"]
[White "Lukacs, Daniel"]
[Black "Jurcsak, Andras"]
[Result "1/2-1/2"]
[WhiteElo "2101"]
[BlackElo "2181"]
[PlyCount "55"]
[EventDate "2008.10.26"]
[EventType "tourn"]
[EventRounds "11"]
[EventCountry "HUN"]
[SourceTitle "EXT 2010"]
[Source "ChessBase"]
[SourceDate "2010.11.25"]
[SourceVersion "1"]
[SourceVersionDate "2010.11.25"]
[SourceQuality "1"]
[WhiteTeam "Husi"]
[BlackTeam "Gyula"]
[WhiteTeamCountry "HUN"]
[BlackTeamCountry "HUN"]

1. e4 c5 2. Nf3 d6 3. c4 Nf6 4. Nc3 e5 5. h3 Nc6 6. d3 Be7 7. Be2 0-0 8. 0-0 Ne8 9. Nd5 f5 10. Nh2 f4 11. Bg4 Nf6 12. Bxc8 Rxc8 13. Nxf6+ Bxf6 14. Bd2 Qe8 15. Bc3 Rc7 16. Rb1 Bd8 17. a3 Rcf7 18. f3 h5 19. Be1 g5 20. Bc3 Rg7 21. Kf2 Qe6 22. Ke2 Kf7 23. Kd2 Rfg8 24. Rh1 Ke8 25. Qe2 Qd7 26. Rhg1 Ne7 27. Kc1 Rf8 28. Qd1 1/2-1/2

[Event "HUN-chT2 Maroczy 0708"]
[Site "Hungary"]
[Date "2008.03.30"]
[Round "9"]
[White "Jurcsak, Andras"]
[Black "Kovacs, Marton"]
[Result "1/2-1/2"]
[WhiteElo "2228"]
[BlackElo "2160"]
[PlyCount "108"]
[EventDate "2007.10.14"]
[EventType "team-tourn"]
[EventRounds "11"]
[EventCountry "HUN"]
[SourceTitle "EXT 2009"]
[Source "ChessBase"]
[SourceDate "2008.11.26"]
[SourceVersion "1"]
[SourceVersionDate "2008.11.26"]
[SourceQuality "1"]
[WhiteTeam "Koszolg"]
[BlackTeam "Hajduboszormeny"]
[WhiteTeamCountry "HUN"]
[BlackTeamCountry "HUN"]

1. e4 e5 2. Nf3 Nf6 3. Nxe5 d6 4. Nf3 Nxe4 5. Nc3 Nxc3 6. dxc3 Be7 7. Bf4 0-0 8. Qd2 Nd7 9. 0-0-0 Nc5 10. Nd4 c6 11. f3 Qa5 12. Kb1 Ne6 13. Nb3 Qb6 14. Be3 Qc7 15. h4 d5 16. Nd4 Nxd4 17. cxd4 a5 18. Bd3 b5 19. g4 f5 20. Qg2 f4 21. Bc1 Bb4 22. c3 Bd6 23. Qc2 g6 24. Rde1 Qf7 25. g5 Bf5 26. Bxf5 Qxf5 27. Qxf5 Rxf5 28. Re6 Rd8 29. Rhe1 Kf7 30. Kc2 a4 31. Kd3 h6 32. b3 axb3 33. axb3 hxg5 34. hxg5 b4 35. cxb4 Bxb4 36. R1e5 Rxe5 37. Rf6+ Kg7 38. dxe5 Be7 39. Rxc6 Bxg5 40. Rc7+ Kg8 41. Bb2 Rb8 42. Kc2 Kf8 43. Ba3+ Kg8 44. Bd6 Ra8 45. Kd3 Ra1 46. e6 Re1 47. Rc8+ Kg7 48. Bf8+ Kf6 49. e7 Kf7 50. e8Q+ Rxe8 51. Rxe8 Kxe8 52. Bd6 Kd7 53. Be5 Ke6 54. Kd4 Bh6 1/2-1/2

[Event "HUN-chT2 Maroczy 0708"]
[Site "Hungary"]
[Date "2008.02.17"]
[Round "6"]
[White "Jurcsak, Andras"]
[Black "Lengyel, Laszlo"]
[Result "0-1"]
[WhiteElo "2228"]
[BlackElo "2186"]
[PlyCount "126"]
[EventDate "2007.10.14"]
[EventType "team-tourn"]
[EventRounds "11"]
[EventCountry "HUN"]
[SourceTitle "EXT 2009"]
[Source "ChessBase"]
[SourceDate "2008.11.26"]
[SourceVersion "1"]
[SourceVersionDate "2008.11.26"]
[SourceQuality "1"]
[WhiteTeam "Koszolg"]
[BlackTeam "Salgotarjan"]
[WhiteTeamCountry "HUN"]
[BlackTeamCountry "HUN"]

1. e4 e6 2. d4 d5 3. e5 c5 4. c3 Qb6 5. Nf3 Bd7 6. Be2 Nc6 7. a3 a5 8. 0-0 a4 9. Re1 Na5 10. Nbd2 Rc8 11. Rb1 c4 12. h3 Be7 13. Nh2 f6 14. Bh5+ g6 15. exf6 Nxf6 16. Bg4 h5 17. Bf3 Kd8 18. Ndf1 Kc7 19. Bf4+ Bd6 20. Qc1 Rcf8 21. Bxd6+ Qxd6 22. Qg5 Rhg8 23. Qe5 Nc6 24. Qxd6+ Kxd6 25. Bd1 b5 26. Nf3 Ne8 27. g4 hxg4 28. hxg4 Rf4 29. Ne5 Nxe5 30. Rxe5 Nf6 31. f3 Be8 32. Re3 Nd7 33. Bc2 g5 34. Rbe1 Bf7 35. Ng3 Rf6 36. Kg2 Rh6 37. Rh1 Rxh1 38. Kxh1 Nf8 39. Kg2 Bg6 40. Bxg6 Nxg6 41. Nh5 e5 42. Kg3 exd4 43. cxd4 Ne7 44. Nf6 Rg6 45. Ne8+ Kd7 46. Nc7 Kxc7 47. Rxe7+ Kc6 48. f4 gxf4+ 49. Kxf4 Kd6 50. Re2 Rf6+ 51. Kg5 Rf3 52. Kg6 Rf4 53. g5 Rxd4 54. Kf5 Rd1 55. Rg2 Rf1+ 56. Kg4 d4 57. g6 Rf8 58. g7 Rg8 59. Kf5 Kd5 60. Kf6 d3 61. Rg5+ Ke4 62. Rxb5 d2 63. Re5+ Kd3 0-1

[Event "HUN-chT2 Maroczy 0708"]
[Site "Hungary"]
[Date "2007.12.16"]
[Round "5"]
[White "Jurcsak, Andras"]
[Black "Papp, Balazs"]
[Result "1-0"]
[WhiteElo "2228"]
[BlackElo "2134"]
[PlyCount "117"]
[EventDate "2007.10.14"]
[EventType "team-tourn"]
[EventRounds "11"]
[EventCountry "HUN"]
[SourceTitle "EXT 2009"]
[Source "ChessBase"]
[SourceDate "2008.11.26"]
[SourceVersion "1"]
[SourceVersionDate "2008.11.26"]
[SourceQuality "1"]
[WhiteTeam "Koszolg"]
[BlackTeam "Maroczy"]
[WhiteTeamCountry "HUN"]
[BlackTeamCountry "HUN"]

1. e4 c5 2. Nf3 d6 3. Bb5+ Nc6 4. Bxc6+ bxc6 5. 0-0 e5 6. c3 Ba6 7. Re1 Bd3 8. Re3 c4 9. Ne1 Bxb1 10. Rxb1 Qa5 11. b3 Qxa2 12. Rb2 Qa6 13. bxc4 Nf6 14. d4 Be7 15. Rg3 0-0 16. Bh6 Ne8 17. Qg4 Bf6 18. Rf3 Qc8 19. Qg3 Kh8 20. Rxf6 gxh6 21. Rxh6 Rg8 22. Qh4 Rg7 23. c5 exd4 24. cxd4 dxc5 25. dxc5 f6 26. Rb3 Qg4 27. Qxg4 Rxg4 28. f3 Rg7 29. Kf2 Rd7 30. Ke3 Kg7 31. Rh3 a5 32. f4 a4 33. Ra3 Rb7 34. Rg3+ Kf7 35. Kd2 Rb4 36. Rge3 Rc4 37. Nd3 Nc7 38. Rc3 Rd4 39. Kc1 Rad8 40. Nb2 Ne6 41. g3 Ra8 42. f5 Nxc5 43. Rxc5 a3 44. Kb1 Rd2 45. Nd3 a2+ 46. Ka1 Rb8 47. Rc1 Ke7 48. Nf4 Rxh2 49. Re2 Rxe2 50. Nxe2 Rb3 51. Nc3 Kd6 52. Kxa2 Rb4 53. Rb1 Rc4 54. Kb3 Rc5 55. Rd1+ Ke5 56. Rd7 h5 57. Kc2 h4 58. gxh4 Kf4 59. Rg7 1-0

[Event "HUN-chT2 Maroczy 0607"]
[Site "Hungary"]
[Date "2007.05.06"]
[Round "10"]
[White "Jurcsak, Andras"]
[Black "Szabo, Balazs"]
[Result "0-1"]
[WhiteElo "2180"]
[BlackElo "2252"]
[PlyCount "86"]
[EventDate "2006.11.12"]
[EventType "team-tourn"]
[EventRounds "11"]
[EventCountry "HUN"]
[SourceTitle "EXT 2008"]
[Source "ChessBase"]
[SourceDate "2007.11.25"]
[SourceVersion "1"]
[SourceVersionDate "2007.11.25"]
[SourceQuality "1"]
[WhiteTeam "Koeszolg"]
[BlackTeam "Matra"]
[WhiteTeamCountry "HUN"]
[BlackTeamCountry "HUN"]

1. c4 Nf6 2. Nf3 g6 3. g3 Bg7 4. Bg2 0-0 5. 0-0 c6 6. Nc3 d5 7. d4 dxc4 8. e4 b5 9. e5 Ne8 10. a4 b4 11. Ne4 Nc7 12. Nc5 Ne6 13. Nxe6 Bxe6 14. Be3 Bd5 15. Rc1 c5 16. dxc5 Nc6 17. Nd2 Nxe5 18. Bxd5 Qxd5 19. Nxc4 Nf3+ 20. Kh1 Nd4+ 21. f3 Qxc5 22. Nd2 Qd5 23. Ne4 Rac8 24. Qd2 Rxc1 25. Rxc1 e5 26. Kg2 f5 27. Rc5 Qd7 28. Ng5 h6 29. Nh3 g5 30. Qxb4 Nxf3 31. Qc4+ Kh8 32. Kxf3 g4+ 33. Ke2 gxh3 34. Rc7 Qe8 35. Qh4 f4 36. Bxa7 Qxa4 37. Qe7 Qe4+ 38. Kd2 Rg8 39. gxf4 Qxf4+ 40. Be3 Qxh2+ 41. Kd3 Qg2 42. Qh4 h2 43. Rc1 e4+ 0-1

[Event "Senta January op"]
[Site "Senta"]
[Date "2007.01.28"]
[Round "5"]
[White "Varadi, Laszlo"]
[Black "Jurcsak, Andras"]
[Result "1-0"]
[WhiteElo "2216"]
[BlackElo "2180"]
[PlyCount "61"]
[EventDate "2007.01.19"]
[EventType "swiss"]
[EventRounds "9"]
[EventCountry "SRB"]
[SourceTitle "EXT 2022"]
[Source "ChessBase"]
[SourceDate "2021.10.06"]
[SourceVersion "1"]
[SourceVersionDate "2021.10.06"]
[SourceQuality "1"]

1. e4 c5 2. c3 g6 3. d4 cxd4 4. cxd4 d5 5. e5 Nc6 6. h3 Bg7 7. Nc3 e6 8. Nf3 Nge7 9. Bd3 a6 10. a3 Bd7 11. Be3 b5 12. Rc1 Qb6 13. 0-0 Rc8 14. b4 Rc7 15. Qd2 h6 16. Be2 Nc8 17. Nh2 h5 18. g4 hxg4 19. Nxg4 N6e7 20. Bg5 Rxh3 21. Kg2 Rh8 22. Bf6 Bxf6 23. Nxf6+ Kd8 24. Rh1 Rxh1 25. Rxh1 Ra7 26. Qc1 Qc6 27. Qh6 Qb7 28. Rc1 Bc6 29. Qf8+ Kc7 30. Qxf7 Kb8 31. Qxe6 1-0

[Event "Senta January op"]
[Site "Senta"]
[Date "2007.01.20"]
[Round "2"]
[White "Jurcsak, Andras"]
[Black "Bicskei, Mihaly"]
[Result "1-0"]
[WhiteElo "2180"]
[BlackElo "1964"]
[PlyCount "73"]
[EventDate "2007.01.19"]
[EventType "swiss"]
[EventRounds "9"]
[EventCountry "SRB"]
[SourceTitle "EXT 2022"]
[Source "ChessBase"]
[SourceDate "2021.10.06"]
[SourceVersion "1"]
[SourceVersionDate "2021.10.06"]
[SourceQuality "1"]

1. c4 c5 2. Nf3 g6 3. Nc3 Bg7 4. d4 cxd4 5. Nxd4 Nc6 6. e3 Nf6 7. Be2 0-0 8. 0-0 e5 9. Ndb5 a6 10. Nd6 Qc7 11. b3 b6 12. Ba3 Rd8 13. Rc1 Qa7 14. Bf3 Bb7 15. Bd5 Nxd5 16. Qxd5 Rf8 17. Nxb7 Qxb7 18. Bxf8 Rxf8 19. Rfd1 Rd8 20. Ne4 Na5 21. Nd6 Qxd5 22. Rxd5 f5 23. c5 b5 24. b4 Nc6 25. Nb7 Nxb4 26. Nxd8 Nxd5 27. Rd1 Nf6 28. c6 dxc6 29. Nxc6 Bf8 30. Rd8 e4 31. Ra8 Nd5 32. Rxa6 b4 33. Kf1 Nc3 34. Ke1 Kg7 35. Kd2 Kh6 36. Kc2 Kg5 37. a3 1-0

[Event "HUN-chT2 Maroczy 0607"]
[Site "Hungary"]
[Date "2006.12.17"]
[Round "4"]
[White "Feher, Attila"]
[Black "Jurcsak, Andras"]
[Result "0-1"]
[WhiteElo "2172"]
[BlackElo "2180"]
[PlyCount "130"]
[EventDate "2006.11.12"]
[EventType "team-tourn"]
[EventRounds "11"]
[EventCountry "HUN"]
[SourceTitle "EXT 2008"]
[Source "ChessBase"]
[SourceDate "2007.11.25"]
[SourceVersion "1"]
[SourceVersionDate "2007.11.25"]
[SourceQuality "1"]
[WhiteTeam "Husi"]
[BlackTeam "Koeszolg"]
[WhiteTeamCountry "HUN"]
[BlackTeamCountry "HUN"]

1. d4 Nf6 2. c3 d5 3. Bg5 c6 4. Nd2 Bf5 5. f3 Nbd7 6. e4 dxe4 7. Bc4 Bg6 8. fxe4 Nxe4 9. Nxe4 Bxe4 10. Qb3 Qa5 11. Bxf7+ Kd8 12. Nh3 Qb6 13. 0-0 h6 14. Rae1 Qxb3 15. Bxb3 Bh7 16. Bh4 g5 17. Bg3 Bg7 18. Rxe7 Bxd4+ 19. cxd4 Kxe7 20. Rf7+ Ke8 21. Rg7 Bf5 22. Bd6 b5 23. Nf2 Nb6 24. g4 Rh7 25. Rg8+ Kd7 26. Be5 Bb1 27. Rg7+ Rxg7 28. Bxg7 Re8 29. Bxh6 Re1+ 30. Kg2 Be4+ 31. Nxe4 Rxe4 32. Kf3 Rf4+ 33. Kg3 Rxd4 34. Bxg5 Nc4 35. Bc2 Ke6 36. Bf5+ Kf7 37. b3 Nd6 38. Be3 Nxf5+ 39. gxf5 Rd3 40. Kf4 a5 41. h4 Kf6 42. h5 Rd5 43. h6 Rxf5+ 44. Kg4 Kg6 45. Bf4 Rf7 46. Kf3 Rd7 47. Ke2 c5 48. Bd2 Ra7 49. Be3 Re7 50. Kd2 Re5 51. a4 c4 52. bxc4 bxa4 53. Bd4 Re4 54. Kd3 Rh4 55. c5 Kf7 56. Bg7 Ke6 57. Kc3 Kd5 58. Bf8 Rh3+ 59. Kb2 Kc6 60. Ka2 Kb5 61. Kb2 a3+ 62. Ka2 Ka4 63. Bg7 Rh2+ 64. Kb1 a2+ 65. Kc1 Rxh6 0-1